000
00171 a2200085 4500
041
_a
spa
100
_a
Anonimo
245
_a
Especialmente Para Maestro y Maestra
942
_c
BK
999
_c
15572
_d
15572